000
00221nam a22000857a 4500
008
170216b xxu||||| |||| 00| 0 eng d
100
_9
2889
_a
Wason.V
245
_a
Double Entry BookKeeping XI
260
_a
New Delhi
_b
S.Chand
_c
2012
999
_c
6118
_d
6118